(サドンデス)大阪(梅田)から乗換なしで行ける駅 - Statistics

General Stats
  • This quiz has been taken 407 times
  • The average score is 4 of 10
Answers on the Grid
Answers color-coded by a green-red scale on the quiz's grid according to % correct below.
東京
品川
中之島
岡山
鳥取
堺筋本町
動物園前
箕面
桜川
吉野口
桜島
白浜
おごと温泉
金沢
大垣
浜松
宮津
紀三井寺
嵐山
木津
 
Answer Stats
Answer % Correct
東京
64%
鳥取
59%
桜島
57%
白浜
57%
動物園前
53%
おごと温泉
38%
木津
32%
大垣
27%
紀三井寺
26%
吉野口
14%
No matching quizzes found
Score Distribution
Percent of People with Each Score
Percentile by Number Answered
Your Score History
You have not taken this quiz